000 01291nam0a22003131 4500
001 rc\3960728
005 20250611040022.0
021 _aRU
_b[56-33740]
035 _a(NLR Aleph) 008049949
090 _a8935231
_c8935231
100 _a20130415d1956 |||y0rusy50 ca
101 0 _arus
102 _aRU
105 _aa z |||||
200 1 _aУпрощение конструкции поточных сводов в котлах КРШ-2
_a[Замена манжетного уплотнения гидропресса на сальниковое
_fМ-во пром-сти прод. товаров РСФСР. Техн. упр.
210 _aМосква
_cБ. и.
_d1956]
215 _a7 с.
_cчерт.
_d20
225 1 _aОпыт новаторов производства
300 _aСост. указан в конце текста: инж. Заблоцкий Р.В.
300 _aБез тит. л. и обл.
606 _aПрессы гидравлические
_2psbo
606 _aОвощи
_xБрикетирование
_2psbo
606 _aПаровые котлы, водотрубные
_2psbo
700 1 _aЗаблоцкий
_bР.В.
_4220
801 0 _aRU
_bNLR
_gpsbo
801 1 _aRU
_bELAR
_2rusmarc
852 _aNLR
_jТ66 Г-4/1504
942 _cBOOK
980 _aNB